Southville International School and Colleges
Your cart is empty.
  • Cart
  • Lists
    Public lists Eva Luna New books Lux_list list_1
    Your lists Log in to create your own lists
  • Log in to your account
  • Your cookies
  • Search history
Southville International School and Colleges
  • Advanced search
  • Recent comments
  • Most popular
  • Libraries

Log in to your account

Log in with GOOGLE


If you do not have an external account, but do have a local account, you can still log in:

  1. Home
  2. MARC view: Understanding Psychology /
Normal view MARC view ISBD view

Understanding Psychology / (Record no. 344501)

[ view plain ]
MARC details
000 -LEADER
fixed length control field 00664nam a2200265Ia 4500
008 - FIXED-LENGTH DATA ELEMENTS--GENERAL INFORMATION
fixed length control field 171025s9999 xx 000 0 und d
020 ## - INTERNATIONAL STANDARD BOOK NUMBER
International Standard Book Number 9789810698621
050 ## - LIBRARY OF CONGRESS CALL NUMBER
Classification number 100
050 ## - LIBRARY OF CONGRESS CALL NUMBER
Item number C458 2006
100 ## - MAIN ENTRY--PERSONAL NAME
Personal name Saundra, Ciccarelli
245 ## - TITLE STATEMENT
Title Understanding Psychology /
245 ## - TITLE STATEMENT
Statement of responsibility, etc by Ciccarelli Saundra and Glenn E. Meyer.
260 ## - PUBLICATION, DISTRIBUTION, ETC. (IMPRINT)
Place of publication, distribution, etc Singapore :
260 ## - PUBLICATION, DISTRIBUTION, ETC. (IMPRINT)
Name of publisher, distributor, etc Prentice Hall,
260 ## - PUBLICATION, DISTRIBUTION, ETC. (IMPRINT)
Date of publication, distribution, etc 2006
300 ## - PHYSICAL DESCRIPTION
Extent xxxvii, 597 pages :
300 ## - PHYSICAL DESCRIPTION
Other physical details illustrations ;
300 ## - PHYSICAL DESCRIPTION
Dimensions 25cm.
500 ## - GENERAL NOTE
General note Includes index.
650 ## - SUBJECT ADDED ENTRY--TOPICAL TERM
Topical term or geographic name as entry element Psychology --
650 ## - SUBJECT ADDED ENTRY--TOPICAL TERM
Topical term or geographic name as entry element Psychology.
650 ## - SUBJECT ADDED ENTRY--TOPICAL TERM
General subdivision Textbook.
700 ## - ADDED ENTRY--PERSONAL NAME
Personal name Meyer, Glenn E.
700 ## - ADDED ENTRY--PERSONAL NAME
Personal name Title.
Holdings
Withdrawn status Lost status Damaged status Home library Current library Date acquired Total Checkouts Full call number Barcode Date last seen Price effective from Koha item type
      Stonyhurst Southville International School (Malarayat) Stonyhurst Southville International School (Malarayat) 10/25/2017   SHS 100 C458 2006 SSISM3554 10/25/2017 10/25/2017 Books

Understanding Psychology /

APA

Saundra C., Meyer G. E. & Title.Understanding Psychology. Singapore: .

Chicago

Saundra Ciccarelli, Meyer Glenn E and Title.Understanding Psychology. Singapore: .

Harvard

Saundra C., Meyer G. E. and Title.Understanding Psychology. Singapore: .

MLA

Saundra Ciccarelli, Meyer Glenn E and Title.Singapore: . .

  • Place hold
  • Print
  • Cite
  • Add to your cart (remove)
  • Save record
    BIBTEX Dublin Core MARCXML MARC (non-Unicode/MARC-8) MARC (Unicode/UTF-8) MARC (Unicode/UTF-8, Standard) MODS (XML) RIS
  • More searches
    Search for this title in:
    Other Libraries (WorldCat) Other Databases (Google Scholar) Online Stores (Bookfinder.com) Open Library (openlibrary.org)

Exporting to Dublin Core...

SOUTHVILLE LIBRARY

Southville International School and Colleges Library

1281 Tropical Ave. Cor. Luxembourg St., BF Homes International, Las Pinas City

Tel. No. 8256374 / 252358 Loc. 117/146

Powered by Koha